[Event "Schachfestival 2024-Senioren"]
[White "Kurpiela Franz"]
[Black "Fiedler Wolfgang"]
[Site "Bad Woerishofen "]
[Round "1.27"]
[Annotator "wempe"]
[Result "1-0"]
[Date "2024.03.10"]
[WhiteElo "1800"]
[BlackElo "1979"]
[PlyCount "190"]
[GameId "2118793978921065"]
[EventDate "2024.03.08"]
[WhiteTeam "TSG Oehringen"]
[BlackTeam "SC Schwarz-Weiss Nuernberg Sued e.V."]

1. e4 g6 2. d4 Bg7 3. Nf3 d6 4. h3 Nc6 5. Bb5 Bd7 6. c3 e5 7. dxe5 dxe5 8. O-O a6 9. Ba4 Nge7 10. Bg5 f6 11. Be3 Be6 12. Qc1 O-O 13. Rd1 Qe8 14. Bc5 Qf7 15. Bxc6 bxc6 16. b3 Rfd8 17. Nbd2 a5 18. Qa3 Bf8 19. Qa4 Qe8 20. Nf1 Rxd1 21. Rxd1 Nc8 22. Bxf8 Kxf8 23. Ne3 Nb6 24. Qa3+ Qe7 25. Qxe7+ Kxe7 26. Kf1 a4 27. Nd2 axb3 28. axb3 Ra3 29. c4 Nd7 30. Nc2 Ra8 31. Nb4 Kd6 32. Nd3 Nc5 33. Nc1 Ke7 34. Ke2 Rb8 35. Ke3 f5 36. f3 f4+ 37. Kf2 Kf6 38. g3 fxg3+ 39. Kxg3 Rd8 40. h4 Rd7 41. Kf2 Nd3+ 42. Nxd3 Rxd3 43. Ke2 Rc3 44. Ra1 Ke7 45. Ra8 Rc1 46. Rh8 h5 47. Nf1 Rb1 48. Nd2 Rh1 49. Rh7+ Bf7 50. f4 Rh2+ 51. Ke1 exf4 52. Nf3 Rh1+ 53. Kf2 Kf8 54. Kg2 Rb1 55. Ng5 Bg8 56. Rxc7 Rxb3 57. Rxc6 Rg3+ 58. Kf2 Rg4 59. Nf3 Kg7 60. c5 Rg3 61. Rd6 Kf8 62. Rf6+ Ke7 63. Rxf4 Rg4 64. Ke3 Be6 65. Rxg4 hxg4 66. Ne5 Kf6 67. Kf4 g3 68. Nf3 g2 69. Kg3 Bd7 70. Kxg2 Bc6 71. Nd2 Ke5 72. Kf3 Kd4 73. Kf4 Kxc5 74. Nf3 Kd6 75. Ne5 Be8 76. Nd3 Ke6 77. Kg5 Kf7 78. Nf4 Kg7 79. Ne6+ Kh7 80. e5 Bf7 81. Kf6 Be8 82. Ng7 Ba4 83. e6 Kh6 84. e7 Bb5 85. Ne6 Kh5 86. Nf4+ Kxh4 87. Nxg6+ Kg4 88. Ne5+ Kf4 89. Ke6 Be8 90. Nd7 Kg5 91. Nf6 Bg6 92. Ne4+ Kh6 93. Kf6 Be8 94. Nd6 Bd7 95. Kf7 Kh7 1-0

[Event "Schachfestival 2024-Senioren"]
[White "Svanholm Borge Waaktaar"]
[Black "Kutschenko Roland"]
[Site "Bad Woerishofen "]
[Round "1.29"]
[Annotator "wempe"]
[Result "0-1"]
[Date "2024.03.10"]
[WhiteElo "1838"]
[BlackElo "2024"]
[PlyCount "56"]
[GameId "2118793978921067"]
[EventDate "2024.03.08"]
[WhiteTeam "Nordstrand S.K."]
[BlackTeam "SK Freiburg-Zaehringen 1887 e.V."]

1. c4 e5 2. Nc3 Bb4 3. Nd5 Bc5 4. e3 c6 5. Nc3 Qe7 6. a3 a5 7. g3 Nf6 8. Bg2 O-O 9. Nge2 d6 10. d4 Bb6 11. O-O Re8 12. h3 Nbd7 13. b3 Nf8 14. Bb2 Ng6 15. Qc2 e4 16. a4 h5 17. Ba3 Bc7 18. Rfd1 Bf5 19. Rac1 Qd7 20. h4 Bg4 21. Re1 Bf3 22. Qd2 Qg4 23. Nf4 Nxh4 24. gxh4 Qxh4 25. Bxf3 exf3 26. Qd1 Qg4+ 27. Kh2 d5 28. Nce2 Qg2# 0-1

[Event "Schachfestival 2024-Senioren"]
[White "Lange Manfred Dr."]
[Black "Wunderlich Frank"]
[Site "Bad Woerishofen "]
[Round "1.31"]
[Annotator "wempe"]
[Result "0-1"]
[Date "2024.03.10"]
[WhiteElo "2036"]
[BlackElo "1843"]
[PlyCount "74"]
[GameId "2118793978921069"]
[EventDate "2024.03.08"]
[WhiteTeam "SV Wuerzburg von 1865 e.V."]
[BlackTeam "SC Reinheim - Gross-Bieberau"]

1. d4 g6 2. c4 Bg7 3. Nc3 d6 4. Nf3 Nf6 5. e4 O-O 6. h3 c5 7. Be3 Na6 8. d5 e5 9. Qd2 Nc7 10. Bh6 Bd7 11. Bd3 Rb8 12. a4 a6 13. O-O b5 14. axb5 axb5 15. Bxg7 Kxg7 16. Ra7 bxc4 17. Bxc4 Ra8 18. Rfa1 Rxa7 19. Rxa7 Qb8 20. Ra3 Qb4 21. Qe2 Ra8 22. Rb3 Ra1+ 23. Kh2 Qa5 24. Nd2 Na6 25. Bxa6 Qxa6 26. Nc4 Rc1 27. Ra3 Qb7 28. Nxd6 Qb4 29. Nc4 Bb5 30. Nxb5 Rxc4 31. Nd6 Rd4 32. Ra7 Nxe4 33. Rxf7+ Kg8 34. Qf3 Nxd6 35. Rf8+ Kg7 36. Qf6+ Kh6 37. Qh4+ Rxh4 0-1

[Event "Schachfestival 2024-Senioren"]
[White "Remensberger Hansuli"]
[Black "Rothenhagen Siegfried"]
[Site "Bad Woerishofen "]
[Round "1.32"]
[Annotator "wempe"]
[Result "1-0"]
[Date "2024.03.10"]
[WhiteElo "2024"]
[BlackElo "1836"]
[PlyCount "79"]
[GameId "2118793978921070"]
[EventDate "2024.03.08"]
[WhiteTeam "Chessflyers"]
[BlackTeam "Sportfr.Windach e.V.1923"]

1. c4 Nf6 2. Nc3 d5 3. cxd5 Nxd5 4. g3 Nxc3 5. bxc3 g6 6. Bg2 Bg7 7. d4 c5 8. Nf3 cxd4 9. cxd4 Nc6 10. e3 Bg4 11. O-O O-O 12. Ba3 Rc8 13. Qa4 Qa5 14. Qxa5 Nxa5 15. Bxe7 Rfe8 16. Bb4 Nc6 17. Ba3 Na5 18. Rfc1 Rxc1+ 19. Rxc1 Rc8 20. Rxc8+ Bxc8 21. Nd2 b6 22. Bb4 Nb7 23. Nc4 a5 24. Nxb6 axb4 25. Nxc8 Na5 26. Ne7+ Kf8 27. Nc6 Nxc6 28. Bxc6 Ke7 29. Bd5 f6 30. f4 h6 31. Kf2 Kd6 32. Bc4 g5 33. Kf3 f5 34. h3 Bf6 35. g4 gxf4 36. Kxf4 fxg4 37. hxg4 Bg5+ 38. Ke4 Bh4 39. Kd3 Be1 40. e4 1-0

[Event "Schachfestival 2024-Senioren"]
[White "Willer Walter"]
[Black "Rick Uwe"]
[Site "Bad Woerishofen "]
[Round "1.33"]
[Annotator "wempe"]
[Result "0-1"]
[Date "2024.03.10"]
[WhiteElo "1835"]
[BlackElo "2021"]
[PlyCount "58"]
[GameId "2118793978921071"]
[EventDate "2024.03.08"]
[WhiteTeam "SK Buchloe"]
[BlackTeam "SC Turm Lueneburg e.V."]

1. d4 d5 2. c3 Nf6 3. e3 c5 4. Bd3 Nc6 5. Nd2 e5 6. dxe5 Nxe5 7. Ndf3 Nxd3+ 8. Qxd3 Be7 9. b3 O-O 10. Ne2 b6 11. Bb2 Bb7 12. Ng3 Re8 13. Rd1 Qc7 14. Qc2 Rad8 15. Kf1 Ng4 16. Bc1 g6 17. h3 Ne5 18. Nxe5 Qxe5 19. h4 Bf6 20. Ne2 Ba6 21. Bb2 h5 22. Rb1 Rd7 23. c4 Qe7 24. Rh3 Bxb2 25. Rxb2 dxc4 26. Rb1 cxb3 27. axb3 Red8 28. Re1 Rd2 29. Qb1 Bxe2+ 0-1

[Event "Schachfestival 2024-Senioren"]
[White "Remensberger Paul"]
[Black "Hackbarth Christa"]
[Site "Bad Woerishofen "]
[Round "1.34"]
[Annotator "wempe"]
[Result "1-0"]
[Date "2024.03.10"]
[WhiteElo "2019"]
[BlackElo "1833"]
[PlyCount "113"]
[GameId "2118793978921072"]
[EventDate "2024.03.08"]
[WhiteTeam "Herrliberg"]
[BlackTeam "SC Rottal-Inn"]

1. d4 d5 2. Nf3 Bf5 3. c4 e6 4. Nc3 c6 5. Qb3 Qb6 6. c5 Qxb3 7. axb3 Na6 8. e3 Nb4 9. Kd2 a5 10. Ne1 Nf6 11. Nd3 Bxd3 12. Bxd3 Be7 13. Na4 Bd8 14. Bb1 O-O 15. Ke2 Bc7 16. Bd2 Nd7 17. f4 f6 18. Bc3 f5 19. Bd2 Rfc8 20. Rc1 Bd8 21. Bc2 Kf7 22. Bd1 Bc7 23. Nc3 b6 24. cxb6 Bxb6 25. Na4 Bd8 26. Nc5 Nf6 27. Bxb4 axb4 28. Bc2 Rxa1 29. Rxa1 Bb6 30. Nd3 c5 31. Ne5+ Ke8 32. dxc5 Bxc5 33. Bd3 Rc7 34. Ra6 Ke7 35. h3 Ne4 36. g4 g6 37. Ra8 d4 38. Rh8 Kf6 39. exd4 Bxd4 40. Nc4 Nf2 41. g5+ Kg7 42. Rd8 Bc5 43. h4 Kf7 44. Ne5+ Ke7 45. Rh8 Nxd3 46. Rxh7+ Kd6 47. Nc4+ Kc6 48. Rxc7+ Kxc7 49. Kxd3 Bf2 50. Ne5 Bxh4 51. Nxg6 Bg3 52. Ke3 Kd6 53. Ne5 Bh2 54. Nf3 Bg3 55. Ne5 Bh2 56. Nd3 e5 57. Nxe5 1-0

[Event "Schachfestival 2024-Senioren"]
[White "Kleinhenz Hans-Georg"]
[Black "Heilinger Dietmar"]
[Site "Bad Woerishofen "]
[Round "1.35"]
[Annotator "wempe"]
[Result "1/2-1/2"]
[Date "2024.03.10"]
[WhiteElo "1833"]
[BlackElo "2018"]
[PlyCount "64"]
[GameId "2118793978921073"]
[EventDate "2024.03.08"]
[WhiteTeam "Stolberger Schachverein 1927"]

1. d4 d5 2. Nf3 Nf6 3. g3 e6 4. Bg2 Be7 5. O-O Nbd7 6. c4 c6 7. b3 b6 8. Bb2 Bb7 9. Nbd2 O-O 10. Ne5 Nxe5 11. dxe5 Nd7 12. e4 dxc4 13. Nxc4 Ba6 14. Qc2 Qc7 15. Rfd1 Bxc4 16. Qxc4 Nxe5 17. Bxe5 Qxe5 18. Qxc6 Bc5 19. Qd7 h5 20. Qd2 a5 21. Kh1 Qc7 22. f4 Rad8 23. Qe2 h4 24. Qg4 hxg3 25. hxg3 Rxd1+ 26. Rxd1 Rd8 27. Rxd8+ Qxd8 28. Qe2 Qd4 29. Kh2 g6 30. Bf3 Qg1+ 31. Kh3 Bf2 32. Bg2 Bc5 1/2-1/2

[Event "Schachfestival 2024-Senioren"]
[White "Weinwurm Wolfgang"]
[Black "Lein Andreas"]
[Site "Bad Woerishofen "]
[Round "1.36"]
[Annotator "wempe"]
[Result "1-0"]
[Date "2024.03.10"]
[WhiteElo "2016"]
[BlackElo "1831"]
[PlyCount "97"]
[GameId "2118793978986610"]
[EventDate "2024.03.08"]
[WhiteTeam "Ternitz"]
[BlackTeam "Erfurter Schachklub"]

1. e4 c5 2. Nf3 Nc6 3. d4 cxd4 4. Nxd4 Nf6 5. Nc3 e5 6. Ndb5 d6 7. Bg5 a6 8. Na3 b5 9. Nd5 Be7 10. Bxf6 Bxf6 11. c3 Bg5 12. Nc2 O-O 13. a4 Rb8 14. axb5 axb5 15. Bd3 Ne7 16. Ncb4 Qd7 17. Qe2 Nxd5 18. Nxd5 Kh8 19. Ra5 Qg4 20. Qxg4 Bxg4 21. Rxb5 Rxb5 22. Bxb5 f5 23. f3 Bh5 24. exf5 Rb8 25. c4 Bf7 26. Nc3 d5 27. Ke2 dxc4 28. Rd1 Kg8 29. g3 Kf8 30. h4 Be7 31. Rd2 Bb4 32. Bc6 Bxc3 33. bxc3 Rb3 34. Rc2 Ke7 35. Ke3 Kf6 36. g4 Rb1 37. Kf2 g6 38. fxg6 hxg6 39. Re2 Re1 40. Re3 Rh1 41. Kg3 Rg1+ 42. Kh2 Rd1 43. Be4 Rc1 44. Kg2 Rd1 45. Re2 Rc1 46. Bc2 Ra1 47. g5+ Ke6 48. f4 Ra2 49. Bf5+ 1-0

[Event "Schachfestival 2024-Senioren"]
[White "Huber Helmut"]
[Black "Kretschel Klaus"]
[Site "Bad Woerishofen "]
[Round "1.37"]
[Result "0-1"]
[Date "2024.03.10"]
[WhiteElo "1830"]
[BlackElo "2004"]
[PlyCount "22"]
[GameId "2118793978986611"]
[EventDate "2024.03.08"]
[WhiteTeam "Brackweder SK von 1924"]
[BlackTeam "TuS Fuerstenfeldbruck"]

1. Nf3 Nf6 2. d4 e6 3. c4 d5 4. Nc3 Bb4 5. Qa4+ Nc6 6. Bg5 O-O 7. e3 Bd7 8. cxd5 Nxd4 9. Bxf6 Qxf6 10. Qd1 Nxf3+ 11. gxf3 Bxc3+ 0-1

[Event "Schachfestival 2024-Senioren"]
[White "Mueller Erich"]
[Black "Kumeth Hartmut"]
[Site "Bad Woerishofen "]
[Round "1.38"]
[Annotator "wempe"]
[Result "1-0"]
[Date "2024.03.10"]
[WhiteElo "2004"]
[BlackElo "1830"]
[PlyCount "79"]
[GameId "2118793978986612"]
[EventDate "2024.03.08"]
[WhiteTeam "SK 1962 Ladenburg"]
[BlackTeam "SK Union Oldenburg"]

1. f4 Nf6 2. Nf3 d6 3. e3 Nbd7 4. d4 e6 5. Bd3 c5 6. c3 Be7 7. O-O d5 8. Nbd2 O-O 9. Kh1 Ng4 10. Qe1 f5 11. b3 Ngf6 12. Ne5 Ne4 13. Bb2 Nxe5 14. fxe5 Bh4 15. g3 Nxd2 16. Qxd2 Be7 17. Qg2 b6 18. Qh3 Rf7 19. Rf2 Bg5 20. Re1 g6 21. Qf1 Bb7 22. Kg1 Qe7 23. Qe2 Raf8 24. Ref1 cxd4 25. cxd4 Rc8 26. Rc1 Qd8 27. Rxc8 Qxc8 28. Rf1 Rc7 29. g4 Bh6 30. Rf3 Qd8 31. h3 Qg5 32. Qg2 Qh4 33. gxf5 Qe1+ 34. Kh2 Bxe3 35. fxg6 h6 36. Rf7 Rxf7 37. gxf7+ Kxf7 38. Qg6+ Ke7 39. Ba3+ Kd7 40. Qf7+ 1-0

[Event "Schachfestival 2024-Senioren"]
[White "Leser Alfred"]
[Black "Zwick Hubert"]
[Site "Bad Woerishofen "]
[Round "1.39"]
[Annotator "wempe"]
[Result "1/2-1/2"]
[Date "2024.03.10"]
[WhiteElo "1825"]
[BlackElo "2003"]
[PlyCount "64"]
[GameId "2118793978986613"]
[EventDate "2024.03.08"]
[WhiteTeam "Sf Mengen"]
[BlackTeam "Gaienhofen"]

1. d4 d5 2. Nc3 Nf6 3. Bf4 c6 4. Qd2 Bf5 5. f3 h5 6. e3 e6 7. Bd3 Nbd7 8. Nge2 b5 9. e4 Bg6 10. e5 Bxd3 11. cxd3 Ng8 12. O-O h4 13. Kh1 Qb6 14. Be3 Ne7 15. f4 Nf5 16. Bg1 Be7 17. Rac1 f6 18. Rf3 Kf7 19. Nd1 Rag8 20. Ne3 Nxe3 21. Bxe3 f5 22. Ng1 Rc8 23. b4 Qa6 24. Nh3 Qa4 25. Rb1 Ra8 26. Qb2 a5 27. a3 axb4 28. axb4 Qa3 29. Qc2 Ra6 30. Ng5+ Bxg5 31. fxg5 g6 32. Rff1 Ra4 1/2-1/2

[Event "Schachfestival 2024-Senioren"]
[White "Heppell Ian"]
[Black "Titz Waldemar"]
[Site "Bad Woerishofen "]
[Round "1.40"]
[Annotator "wempe"]
[Result "1/2-1/2"]
[Date "2024.03.10"]
[WhiteElo "1944"]
[BlackElo "1822"]
[PlyCount "52"]
[GameId "2118793978986614"]
[EventDate "2024.03.08"]
[WhiteTeam "Wimbledon"]
[BlackTeam "SV Rottweil"]

1. e4 d6 2. d4 Nf6 3. Nd2 g6 4. Bd3 e5 5. c3 c6 6. Ngf3 Nbd7 7. O-O Bg7 8. Re1 O-O 9. a4 b6 10. Qb3 Qc7 11. Nf1 Bb7 12. Ng3 Rac8 13. a5 c5 14. dxe5 Nxe5 15. Nxe5 dxe5 16. Bc4 Rcd8 17. f3 Ne8 18. Bg5 Bf6 19. Bh6 Bg7 20. Bg5 Bf6 21. Bxf6 Nxf6 22. axb6 axb6 23. Red1 Ra8 24. Rxa8 Rxa8 25. h4 h5 26. Nf1 Bc6 1/2-1/2

[Event "Schachfestival 2024-Senioren"]
[White "Babenko Aleksej"]
[Black "Hinz Holger"]
[Site "Bad Woerishofen "]
[Round "1.41"]
[Annotator "wempe"]
[Result "0-1"]
[Date "2024.03.10"]
[WhiteElo "1819"]
[BlackElo "2001"]
[PlyCount "120"]
[GameId "2118793978986615"]
[EventDate "2024.03.08"]
[WhiteTeam "SK - Ottobeuren 2000"]
[BlackTeam "SV Lendersdorf"]

1. Nf3 Nf6 2. c4 g6 3. b3 c5 4. Bb2 Bg7 5. e3 Nc6 6. Be2 O-O 7. O-O d6 8. d3 e5 9. Nbd2 Qe7 10. h3 Ne8 11. Ne4 f5 12. Nc3 Nf6 13. Nd5 Nxd5 14. cxd5 Nd8 15. e4 fxe4 16. dxe4 Rf4 17. Qd3 h6 18. Bc1 Rf8 19. Nh2 Nf7 20. Qg3 Kh7 21. h4 Bd7 22. h5 g5 23. Ng4 b5 24. Ne3 Rfc8 25. Bg4 Rc7 26. Bf5+ Bxf5 27. Nxf5 Qf6 28. Bb2 c4 29. Rac1 Rac8 30. bxc4 Rxc4 31. Ne3 Rxc1 32. Rxc1 Rxc1+ 33. Bxc1 Qf4 34. Qg4 Qxg4 35. Nxg4 Nd8 36. Ba3 Nb7 37. Kf1 Kg8 38. Ke2 Kf7 39. f3 Ke7 40. Kd2 Kd7 41. Kc2 Kc7 42. Ne3 Kb6 43. g3 a5 44. Bc1 b4 45. a3 Kb5 46. axb4 Kxb4 47. Bd2+ Kb5 48. Kc3 Nc5 49. Nf5 Bf8 50. Be3 a4 51. Kb2 Nd3+ 52. Ka3 Ne1 53. f4 Nc2+ 54. Kb2 Nxe3 55. Nxe3 exf4 56. gxf4 gxf4 57. Nc2 Kc4 58. Ka3 Kd3 59. Nb4+ Kxe4 60. Kxa4 f3 0-1

[Event "Schachfestival 2024-Senioren"]
[White "Krueger Norbert"]
[Black "Moser Andreas"]
[Site "Bad Woerishofen "]
[Round "1.42"]
[Annotator "wempe"]
[Result "1/2-1/2"]
[Date "2024.03.10"]
[WhiteElo "1993"]
[BlackElo "1819"]
[PlyCount "61"]
[GameId "2118793978986616"]
[EventDate "2024.03.08"]
[WhiteTeam "Ratinger Schachklub"]
[BlackTeam "SF Muenchen e.V."]

1. e4 g6 2. d4 Bg7 3. Nc3 c5 4. Be3 cxd4 5. Bxd4 Bxd4 6. Qxd4 Nf6 7. O-O-O Nc6 8. Qe3 Qb6 9. Qf3 d6 10. h3 Be6 11. Bd3 Qa5 12. Kb1 Rc8 13. Nge2 Nb4 14. Bb5+ Nc6 15. Qe3 a6 16. Bxc6+ bxc6 17. Rd4 c5 18. Ra4 Qb6 19. Qd3 Rb8 20. b3 a5 21. Rd1 O-O 22. Nf4 Bd7 23. Ra3 c4 24. Qd4 Qb4 25. Kb2 Rfc8 26. Nfd5 Nxd5 27. Nxd5 c3+ 28. Nxc3 Rc4 29. Qe3 Rbc8 30. Rd3 e6 31. Qd2 1/2-1/2

[Event "Schachfestival 2024-Senioren"]
[White "Marian, Hartmut"]
[Black "Schoknecht, Sabine"]
[Site "Bad Woerishofen "]
[Round "1.43"]
[Annotator "wempe"]
[Result "0-1"]
[Date "2024.03.10"]
[WhiteElo "1992"]
[BlackElo "1816"]
[PlyCount "70"]
[GameId "2118793978986617"]
[EventDate "2024.03.08"]
[WhiteTeam "SK Germering e. V."]
[BlackTeam "FC St. Pauli"]

1. d4 b6 2. e4 e6 3. Nc3 Bb7 4. Nf3 Be7 5. Bd3 d6 6. O-O Nf6 7. Re1 Nbd7 8. Bg5 h6 9. Bh4 g5 10. Bg3 Nh5 11. Qe2 Nxg3 12. hxg3 g4 13. Nd2 h5 14. Nd1 Bg5 15. Ne3 Qe7 16. a4 a6 17. Ndc4 Bf6 18. c3 O-O-O 19. Na3 Nb8 20. b4 Rh6 21. Rac1 Bg5 22. Rc2 Rdh8 23. f4 gxf3 24. gxf3 h4 25. g4 h3 26. Kh1 Qf6 27. Nf1 h2 28. Qg2 Bf4 29. Rd1 Rh3 30. Be2 Qg6 31. Bd3 Qg5 32. Rf2 Nd7 33. Nb1 Nf8 34. Ra2 Ng6 35. Nfd2 Rg3 0-1

[Event "Schachfestival 2024-Senioren"]
[White "Stein Eugen"]
[Black "Scharrer Udo"]
[Site "Bad Woerishofen "]
[Round "1.44"]
[Annotator "wempe"]
[Result "0-1"]
[Date "2024.03.10"]
[WhiteElo "1806"]
[BlackElo "1986"]
[PlyCount "56"]
[GameId "2118793978986618"]
[EventDate "2024.03.08"]
[WhiteTeam "FC Bayern Muenchen"]
[BlackTeam "SC Dicker Turm Esslingen"]

1. d4 Nf6 2. Nc3 d5 3. Bf4 g6 4. f3 Bg7 5. Qd2 O-O 6. Bh6 c5 7. Bxg7 Kxg7 8. dxc5 Qa5 9. O-O-O Qxc5 10. Qd4 Qxd4 11. Rxd4 Nc6 12. Rd1 d4 13. Nb5 e5 14. c3 a6 15. Nc7 Ra7 16. cxd4 exd4 17. e3 b5 18. Nxb5 axb5 19. Bxb5 Rc7 20. Bxc6 Rxc6+ 21. Kb1 dxe3 22. Ne2 Bf5+ 23. Ka1 Rc2 24. Nd4 Rxg2 25. Nxf5+ gxf5 26. a4 Rb8 27. Rb1 Nd5 28. Ka2 Nc3+ 0-1

[Event "Schachfestival 2024-Senioren"]
[White "Schinnerl Werner"]
[Black "Storkebaum Ulrike"]
[Site "Bad Woerishofen "]
[Round "1.45"]
[Annotator "wempe"]
[Result "1-0"]
[Date "2024.03.10"]
[WhiteElo "1983"]
[BlackElo "1802"]
[PlyCount "105"]
[GameId "2118793978986619"]
[EventDate "2024.03.08"]
[BlackTeam "SAbt TEC Darmstadt"]

1. e4 e5 2. Bc4 Nc6 3. Nf3 Nf6 4. d3 Bc5 5. c3 Bb6 6. O-O O-O 7. Bb3 h6 8. Re1 d6 9. Nbd2 Bg4 10. h3 Bh5 11. Nf1 Na5 12. Bc2 c5 13. Ng3 Nc6 14. Nxh5 Nxh5 15. Nxe5 dxe5 16. Qxh5 Qd6 17. Re3 Ne7 18. Rg3 Kh7 19. Qg4 g6 20. Qh4 Ng8 21. Bb3 Bd8 22. Qg4 h5 23. Qe2 Rc8 24. Rf3 Rc7 25. Bd5 Rd7 26. Bc4 Bf6 27. g4 h4 28. g5 Bd8 29. Qf1 f6 30. Qg2 fxg5 31. Rxf8 Qxf8 32. Bxg5 Nh6 33. Rf1 Nf7 34. f4 Qd6 35. Qg4 exf4 36. Qxh4+ Kg7 37. Bxd8 Nxd8 38. Qxf4 Qe7 39. e5 a6 40. a4 b5 41. axb5 axb5 42. Bxb5 Rb7 43. Qf6+ Qxf6 44. exf6+ Kf8 45. c4 Ne6 46. Re1 Kf7 47. Bc6 Rxb2 48. Bd5 Kxf6 49. Rxe6+ Kf5 50. Rc6 g5 51. Rxc5 Kf4 52. Rb5 Rd2 53. Be4 1-0

[Event "Schachfestival 2024-Senioren"]
[White "Kierzek Mira"]
[Black "Schnell Franz"]
[Site "Bad Woerishofen "]
[Round "1.46"]
[Annotator "wempe"]
[Result "1/2-1/2"]
[Date "2024.03.10"]
[WhiteElo "1977"]
[BlackElo "1800"]
[PlyCount "71"]
[GameId "2118793978986620"]
[EventDate "2024.03.08"]
[WhiteTeam "SC Fulda"]
[BlackTeam "SC Nusplingen"]

1. d4 d5 2. c4 dxc4 3. e4 Nf6 4. e5 Nd5 5. Bxc4 c6 6. Nf3 Bf5 7. a3 e6 8. O-O Be7 9. Nc3 O-O 10. Re1 Nd7 11. Ne4 h6 12. Bd2 b5 13. Ba2 a5 14. Rc1 Qb6 15. h3 Rfc8 16. Qe2 c5 17. dxc5 Nxc5 18. Nxc5 Bxc5 19. Bb3 b4 20. a4 Rc6 21. Bc4 Rcc8 22. b3 Rd8 23. Red1 Ne7 24. Be1 Nc6 25. Kh2 Nd4 26. Nxd4 Bxd4 27. Bb5 Rd5 28. f4 Rad8 29. Bg3 Bc3 30. Bf2 Bd4 31. Bg3 Bc3 32. Rxd5 Rxd5 33. Rd1 Rxd1 34. Qxd1 Qd4 35. Qxd4 Bxd4 36. Be1 1/2-1/2

[Event "Schachfestival 2024-Senioren"]
[White "Halli Gerhard"]
[Black "Ruf Helmut"]
[Site "Bad Woerishofen "]
[Round "1.47"]
[Annotator "wempe"]
[Result "1-0"]
[Date "2024.03.10"]
[WhiteElo "1928"]
[BlackElo "1645"]
[PlyCount "105"]
[GameId "2118793978986621"]
[EventDate "2024.03.08"]
[WhiteTeam "SK 1947 Sandhausen e.V."]
[BlackTeam "SVG Offenburg e.V."]

1. d4 Nf6 2. Nf3 g6 3. Bf4 Bg7 4. e3 O-O 5. Bc4 d5 6. Bb3 c5 7. c3 Nc6 8. Nbd2 cxd4 9. exd4 b6 10. O-O Ba6 11. Re1 e6 12. h3 Rc8 13. a3 Na5 14. Ba2 Nc4 15. Nxc4 Bxc4 16. Ne5 Bxa2 17. Rxa2 Ne4 18. Qd3 Qh4 19. Qe3 Qd8 20. f3 Nd6 21. Raa1 Nc4 22. Nxc4 Rxc4 23. Bh6 Qf6 24. Bg5 Qf5 25. Re2 f6 26. Bh6 Bxh6 27. Qxh6 e5 28. Rae1 Qf4 29. Qxf4 exf4 30. Re7 Rf7 31. Re8+ Kg7 32. Rd8 Rcc7 33. Rxd5 Rfe7 34. Kf2 Kf7 35. Re4 a6 36. Rxf4 Ke6 37. Rd8 f5 38. d5+ Ke5 39. Rd4 Red7 40. Rxd7 Rxd7 41. f4+ Kd6 42. g4 b5 43. gxf5 gxf5 44. a4 Kc5 45. axb5 axb5 46. d6 b4 47. Ke3 bxc3 48. bxc3 Kc6 49. Kd3 Kb7 50. Rd5 Kc6 51. Kd4 Rxd6 52. Rxd6+ Kxd6 53. c4 1-0

[Event "Schachfestival 2024-Senioren"]
[White "Eigenmann Christina"]
[Black "Larem Ewald"]
[Site "Bad Woerishofen "]
[Round "1.48"]
[Annotator "wempe"]
[Result "1/2-1/2"]
[Date "2024.03.10"]
[WhiteElo "1799"]
[BlackElo "1977"]
[PlyCount "47"]
[GameId "2118793978986622"]
[EventDate "2024.03.08"]
[WhiteTeam "Schweizer Schachsenioren"]
[BlackTeam "SC Rotenburg"]

1. d4 d5 2. c4 e6 3. e3 Nf6 4. Nf3 Be7 5. Nbd2 O-O 6. Be2 b6 7. O-O Bb7 8. Ne5 Nbd7 9. Ndf3 dxc4 10. Bxc4 c5 11. Nxd7 Qxd7 12. Ne5 Qc7 13. Qb3 Rfd8 14. Bxe6 Bd6 15. Nxf7 Bxh2+ 16. Kh1 Kf8 17. Nxd8 Rxd8 18. e4 Bxe4 19. Qh3 Bd6 20. Bg5 cxd4 21. Bxf6 gxf6 22. Qg4 Bg6 23. Qxd4 Be5 24. Qb4+ 1/2-1/2

[Event "Schachfestival 2024-Senioren"]
[White "Nordby Bernt"]
[Black "Mueggenburg Rolf"]
[Site "Bad Woerishofen "]
[Round "1.49"]
[Annotator "wempe"]
[Result "1-0"]
[Date "2024.03.10"]
[WhiteElo "1971"]
[BlackElo "1781"]
[PlyCount "75"]
[GameId "2118793978986623"]
[EventDate "2024.03.08"]
[WhiteTeam "Fredriksstad Schakselskap"]
[BlackTeam "SSC Graal-Mueritz"]

1. d4 Nf6 2. c4 c5 3. e3 e6 4. Nf3 Be7 5. Bd3 O-O 6. O-O cxd4 7. exd4 d6 8. Nc3 Nbd7 9. Qe2 Re8 10. Rd1 Qa5 11. Bf4 Nh5 12. Bd2 Nhf6 13. Nd5 Qd8 14. Nxe7+ Rxe7 15. Bc3 Nb6 16. a4 a5 17. h3 Bd7 18. b3 Qc7 19. Rac1 Bc6 20. Re1 Bxf3 21. Qxf3 Nbd7 22. Qg3 Nf8 23. f4 Ng6 24. f5 Nh5 25. Qg5 Ngf4 26. f6 h6 27. Qg4 Nxd3 28. Qxh5 gxf6 29. Re4 f5 30. Rh4 Kf8 31. Qxh6+ Ke8 32. Rd1 Nb2 33. Bxb2 Kd7 34. Ba3 Kc6 35. d5+ Kb6 36. c5+ dxc5 37. d6 Qd7 38. Bxc5+ 1-0

[Event "Schachfestival 2024-Senioren"]
[White "Barten Ralf"]
[Black "Narr Irmgard"]
[Site "Bad Woerishofen "]
[Round "1.50"]
[Annotator "wempe"]
[Result "1-0"]
[Date "2024.03.10"]
[WhiteElo "1963"]
[BlackElo "1755"]
[PlyCount "129"]
[GameId "2118793979039872"]
[EventDate "2024.03.08"]
[WhiteTeam "SV Schwarz-Weiss Remscheid"]

1. Nf3 Nf6 2. c4 b6 3. g3 Bb7 4. Bg2 e6 5. O-O Be7 6. d4 O-O 7. Nc3 d6 8. Re1 Nbd7 9. e4 c5 10. d5 e5 11. Qe2 Re8 12. h4 Nf8 13. Bh3 Bc8 14. Bxc8 Qxc8 15. Nh2 Qd7 16. Bg5 h6 17. Bxf6 Bxf6 18. Ng4 Qd8 19. Ne3 g6 20. a4 Kg7 21. Kg2 h5 22. Ra3 Nd7 23. Rea1 a5 24. Nb5 Be7 25. Rg1 Nf6 26. f3 Qd7 27. Kf2 Rh8 28. Ke1 Qh3 29. Qg2 Qxg2 30. Rxg2 Rab8 31. Ke2 Nd7 32. Ra1 Rb7 33. Rh1 Nb8 34. Kd3 Na6 35. Nc2 Nc7 36. Nxc7 Rxc7 37. Na3 Rb7 38. Nb5 Rd7 39. b3 Bf6 40. Nc3 Kf8 41. Nd1 Ke8 42. Rgh2 Bg7 43. Ne3 Kd8 44. Ke2 Bf6 45. g4 Bg7 46. Rg1 Bf6 47. Rgh1 Bg7 48. Nf1 Bh6 49. Rg2 Bf4 50. g5 Rf8 51. Ne3 Bxe3 52. Kxe3 Re7 53. Rf1 Kd7 54. Kd3 Ke8 55. f4 exf4 56. Rxf4 Rd7 57. Rf6 Kd8 58. Rgf2 Ke8 59. Ke3 Ke7 60. e5 dxe5 61. Rxb6 Rc8 62. Ke4 Ke8 63. Rff6 Re7 64. d6 Rd7 65. Kxe5 1-0

[Event "Schachfestival 2024-Senioren"]
[White "Weyand Fernand"]
[Black "Wegemund Hubert"]
[Site "Bad Woerishofen "]
[Round "1.51"]
[Annotator "wempe"]
[Result "0-1"]
[Date "2024.03.10"]
[WhiteElo "1752"]
[BlackElo "1963"]
[PlyCount "104"]
[GameId "2118793979039873"]
[EventDate "2024.03.08"]
[WhiteTeam "SVG Saarbruecken 1970 e.V."]
[BlackTeam "SK Norderstedt"]

1. Nf3 f5 2. d4 Nf6 3. Bf4 d6 4. e3 g6 5. Nbd2 Bg7 6. c3 Be6 7. Ng5 Bg8 8. Bc4 d5 9. Be2 Nbd7 10. h4 h6 11. Ngf3 Ng4 12. Nh2 Nxh2 13. Bxh2 e5 14. Bg3 Qe7 15. dxe5 Nxe5 16. Nf3 Nxf3+ 17. Bxf3 c6 18. Qd3 Bh7 19. Qd2 a5 20. a4 O-O 21. Be2 Rae8 22. O-O f4 23. Bh2 fxe3 24. fxe3 Qxh4 25. Rf4 Qe7 26. Kf2 Be5 27. Rxf8+ Rxf8+ 28. Kg1 Bxh2+ 29. Kxh2 Qh4+ 30. Kg1 Qf2+ 31. Kh2 g5 32. Rf1 Qh4+ 33. Kg1 Rxf1+ 34. Kxf1 Qxa4 35. c4 Be4 36. Qd4 Qb4 37. Qe5 Qf8+ 38. Kg1 Qg7 39. Qe6+ Kh7 40. cxd5 cxd5 41. Qb6 g4 42. Qxa5 Qxb2 43. Qc7+ Kg6 44. Qd6+ Qf6 45. Qxf6+ Kxf6 46. Bxg4 b5 47. Bd1 b4 48. Kf2 Ke5 49. Bb3 Bd3 50. Ke1 Bc4 51. Bd1 Kf6 52. Bc2 Ba2 0-1